1477 1816 1090 1172 1403 1149 1486 1857 1181 1850 1850 1804 1724 1853 1269 1236 1072 1394 1402 1447 1177 1461 1730 1650 1808 1240 1155 1190 1738 1856 1973 1754 1144 1207 1715 1352 1251 1555 1131 1892 1705 1596 1175 1740 1829 1920 1688 1847 1821 1378 1710 1427 1544 1942 1186 1614 1966 1751 1997 1053 1086 1627 1646 1606 1528 1002 1716 1198 1410 1935 1974 1488 1760 1078 1730 1581 1105 1590 1682 1218 1179 1447 1650 1154 1786 1656 1639 1697 1382 1155 1908 1928 1944 1765 1713 1835 1203 1788 1927 BCNSPRNW ULIB Ver.6.0+V

เปลี่ยนเป็นภาษาไทย

Change to English
 แสดงรายละเอียดบรรณานุกรม
  กลับหน้าหลัก

Brief Record : Get Marc (ISO 2709) : E-mail record : QR code < ปิดหน้าต่าง
LEADER : 00000nam a2200000 a 4500
001    13399113757
003     ULIB
008    011116s2011 us 000 0 eng d
020    ^a9780415801751
050  4 ^aHQ60^bH236
245 00 ^aHandbook of sexuality - related measures /^cedited by
250    ^a 3rd ed
260    ^aThousand Oaks :^bSage Publications,^c2011
300    ^axvi, 656 p.
650  0 ^aBirth control^xResearch^vHandbooks, manual, etc.
650  0 ^aHygiene, Sexual^xResearch^vHandbooks, manual, etc.
650  0 ^aSexual Behavior Surveys^vHandbook, manual, etc.
650  0 ^aSexology^xResearch
650  0 ^aQuestionnaires
700 1  ^aDavis, Clive M.,^eed.
945    ^p0^l0^i030889
995    ^a Kesorn
999 ^a ใช้งานได้ทุกระบบ
รายการนี้ยังไม่มีแท็ก
คุณยังไม่ได้ล็อกอิน คุณสามารถมีกิจกรรมร่วมกับเว็บไซต์ได้ แต่ต้องล็อกอินก่อน ::
  ล็อกอิน

รายการสื่อสารสนเทศ

ลำดับที่ ประเภท เลขเรียก/บาร์โค้ด สถานที่ สถานะ
- ไม่พบข้อมูล -

BibComment


ยังไม่เคยถูกคอมเมนท์

คอมเมนท์ทรัพยากรรายการนี้
  คอมเมนท์: Handbook of sexu..


 Copyright 2026. Bcnsprnw @Library